Catálogo
 En Linea

Vida microbiana : (Registro nro. 36218)

Detalles MARC
000 -CABECERA
campo de control de longitud fija 00720nam a2200193 a 4500
001 - NÚMERO DE CONTROL
campo de control 000036727
005 - FECHA Y HORA DE LA ÚLTIMA TRANSACCIÓN
campo de control 20200930075911.0
008 - DATOS DE LONGITUD FIJA--INFORMACIÓN GENERAL
campo de control de longitud fija 120126s1964 mx a 000 0 spa d
040 ## - FUENTE DE LA CATALOGACIÓN
Centro catalogador/agencia de origen DO-SdBNP
Lengua de catalogación spa
Centro/agencia transcriptor BNPHU
082 ## - NÚMERO DE LA CLASIFICACIÓN DECIMAL DEWEY
Número de clasificación xxxx
Número de documento/Ítem S623v
100 1# - ENTRADA PRINCIPAL--NOMBRE DE PERSONA
Nombre de persona Sistrom, W. R.
9 (RLIN) 63038
240 10 - TÍTULO UNIFORME
Título uniforme Microbial life
Lenguaje de la obra Español
245 10 - MENCIÓN DE TÍTULO
Título Vida microbiana :
Resto del título descubrimiento modernos sobre sus sitemas geneticos, síntesis de proteinas y metabolismo /
Mención de responsabilidad, etc. W. R. Sistrom ; traducido por Raul I. Blaisten.
260 ## - PUBLICACIÓN, DISTRIBUCIÓN, ETC.
Lugar de publicación, distribución, etc. México :
Nombre del editor, distribuidor, etc. Compañía Editorial Continental,
Fecha de publicación, distribución, etc. 1964.
300 ## - DESCRIPCIÓN FÍSICA
Extensión 154 p. ;
Dimensiones 23 cm.
490 1# - MENCIÓN DE SERIE
Mención de serie Serie moderna de biología
700 1# - PUNTO DE ACCESO ADICIONAL--NOMBRE DE PERSONA
Nombre de persona Blaisten, Raul I.,
Término indicativo de función/relación tr.
9 (RLIN) 63039
830 #0 - PUNTO DE ACCESO ADICIONAL DE SERIE-TÍTULO UNIFORME
Título uniforme Serie moderna de biología
9 (RLIN) 63040
Existencias
Estado de retiro Estado de pérdida Restricciones de uso No para préstamo Código de colección Localización permanente Ubicación/localización actual Ubicación en estantería Fecha de adquisición Número de inventario Total de préstamos Signatura topográfica completa Código de barras Fecha visto por última vez Precio válido a partir de Tipo de ítem Koha
      Excluido de préstamo Monografías: Libros y Folletos General General En catalogación 26.01.2012 LF1   xxxx S623v 36727-10 25.06.2020 25.06.2020 No se presta
        Monografías: Libros y Folletos General General Orden iniciada 26.01.2012 LF1   xxxx S623v 36728-10 25.06.2020 25.06.2020 No se presta

Con tecnología Koha